Autour de l'œuvre d'André Green : Enjeux pour une psychanalyse contemporaine. Actes du Colloque de Cerisy, 2004 (notice n° 2137982)
[ vue normale ]
| 000 -LEADER | |
|---|---|
| fixed length control field | 01440cam a2200145 4500500 |
| 005 - DATE AND TIME OF LATEST TRANSACTION | |
| control field | 20260405023238.0 |
| 041 ## - LANGUAGE CODE | |
| Language code of text/sound track or separate title | fre |
| 042 ## - AUTHENTICATION CODE | |
| Authentication code | dc |
| 100 10 - MAIN ENTRY--PERSONAL NAME | |
| Personal name | Richard, François |
| Relator term | author |
| 245 00 - TITLE STATEMENT | |
| Title | Autour de l'œuvre d'André Green : Enjeux pour une psychanalyse contemporaine. Actes du Colloque de Cerisy, 2004 |
| 260 ## - PUBLICATION, DISTRIBUTION, ETC. | |
| Name of publisher, distributor, etc. | Presses Universitaires de France,<br/> |
| Date of publication, distribution, etc. | 2005.<br/> |
| 520 ## - SUMMARY, ETC. | |
| Summary, etc. | André Green, membre de la Société psychanalytique de Paris, ancien président de celle-ci et ancien vice-président de l’Association psychanalytique internationale est devenu une référence essentielle dans le mouvement psychanalytique car son œuvre peut se définir comme une recherche permanente visant à surmonter quelques impasses du post-freudisme.Il a élaboré un modèle original qui articule une reconceptualisation des fondements avec une rénovation de la méthode clinique. L’enjeu du colloque puis de la publication de ces actes est de dégager un nouveau paradigme susceptible de dépasser la crise de la psychanalyse contemporaine, d’où le titre retenu. La participation active d’André Green a permis des échanges fructueux, dans un contexte socioculturel et épistémique en évolution, autourde l’analyse du «malaise (contemporain) dans la culture». |
| 700 10 - ADDED ENTRY--PERSONAL NAME | |
| Personal name | Urribarri, Fernando |
| Relator term | author |
| 856 41 - ELECTRONIC LOCATION AND ACCESS | |
| Uniform Resource Identifier | <a href="https://shs.cairn.info/autour-de-l-uvre-d-andre-green--9782130546429?lang=fr&redirect-ssocas=7080">https://shs.cairn.info/autour-de-l-uvre-d-andre-green--9782130546429?lang=fr&redirect-ssocas=7080</a> |
Pas d'exemplaire disponible.




Réseaux sociaux